| 000 | 00803nam a2200229Ia 4500 | ||
|---|---|---|---|
| 005 | 20230215151948.0 | ||
| 008 | 210716s2008 xx 000 0 und d | ||
| 020 | _a0072318252 | ||
| 040 | _cAIMIT LIBRARY | ||
| 041 | _aeng | ||
| 082 |
_a658.1599 _22 _bEUNC |
||
| 100 |
_aEun, Cheol S. _972455 |
||
| 245 |
_aInternational financial management / _cBy Cheol S Eun and Bruce G Resnick. |
||
| 250 | _a2nd ed. | ||
| 260 |
_aNew Delhi : _bTata Mc Graw Hill Publishing Company , _c2008. |
||
| 300 |
_axx,524p. ; _bPB _c27.5 cm |
||
| 650 |
_aFoundations of international financial management _972456 |
||
| 650 |
_aWorld financial markets and institutions _972457 |
||
| 650 |
_aForeign exchange exposure and management _972458 |
||
| 700 |
_aResnick, Bruce G. _972459 |
||
| 942 |
_2ddc _cBK _e2nd _k658.1599 EUNC |
||
| 999 |
_c197826 _d197826 |
||